00678 2200217 4500001002100000005001700021008004100038020001800079035002400097040001200121082001200133084001800145100001500163245014200178260004100320300002500361650002100386700002000407850001200427990002100439INLIS00000000002564120170216134528.0  a979-20-4852-9 0010-021700000000455 aYOPDYOG a381.142 a381.142 Hai I aHAIG, Matt aIf You're so brilliant...how come you don't have an e-strategy?b: kunci sukses bisnis onlinec/ Matt Haig ; alih bahasa, Andreas Haryono aJakartabElex Media Komputindoc2003 ax, 137 hlm.c; 23 cm aPemasaran online aAndreas Haryono aYOPDYOG a1659-RBM/PD.A.17